00696nam a2200217 a 450000100100000000500170001000800410002702000150006804000250008308200170010810000230012524500280014826000440017630000290022049000160024950000430026583000230030804900090033195201210034099900170046100002405920200930022701.0110118s1976 sp a r 000 0 spa d a8485056035 aDO-SdBNPbspacBNPHU axxxxxbS164s1 aSalgari, E.94943510aSandokan /cE. Salgari. aBarcelona :bLos Libros de Plon,c1976. a94 p. :bil. ;c27.5 cm.1 aAmadis ;v2 aIncluye notas al pie de las páginas. 0aAmadis ;n2949436 aBNGR 001054708MOaGRbGRcCTd2011-01-18iLF1l0oxxxxx S164sp24059-10r2020-06-25w2020-06-25y4ZPréstamo en sala c23554d23554